000 00866cpcaa2200265 4500
001 mm 82004152
003 DLC
005 20260227111712.0
008 821130|||||||||||| spa
010 _amm 82004152
040 _aDLC
_cDLC
_edacs
_dDLC
072 7 _aH
_2lcmd
100 1 _aDíaz, Porfirio,
_d1830-1915.
245 0 0 _aPorfirio Díaz correspondence,
_f1895.
300 _a2
_fitems.
506 0 _aOpen to research.
533 _aFacsimiles.
_b[S.l.].
545 0 _aMexican statesman and army officer.
546 _aCollection material in Spanish.
580 _aForms part of: Miscellaneous Manuscripts collection.
656 7 _aArmy officers.
_2itoamc
656 7 _aStatesmen.
_2itoamc
999 _c43405
_d43405